Clic Si un Belge vous dit... (1) - Statistiques

Statistiques générales
  • Ce quiz a été pris 135 fois
  • Le résultat moyen est 21 sur 30
Statistiques - réponses
Hint Réponse % Correct
Diner Déjeuner
92%
Il donne une baise Il fait la bise
90%
Déjeuner Petit-déjeuner
90%
Il drache Il pleut très fort
89%
Un salon-lavoir Une laverie automatique
89%
Faire son samedi Faire son ménage
86%
Mettez-vous ! Installez-vous !
85%
Sucre impalpable Sucre glace
85%
Non, peut-être Bien sûr
84%
Une poussette Un caddie
81%
Je suis en affaires Je suis dans tous mes états
74%
Une seniorie Une maison de retraite
74%
Une carabistouille Une plaisanterie
74%
Une praline Un bonbon au chocolat
73%
Un chicon Une endive
73%
En avoir des ruses Avoir des problèmes
72%
Une clenche Une poignée
72%
Un fait-tout Une casserole
69%
Le tapis plain La moquette
67%
Un régent Un professeur de collège
66%
Le ring Le périphérique
65%
Le logopède L'orthophoniste
63%
Une slache Une tong
63%
Le floche Le pompon
59%
Le roulage La circulation routière
51%
Berloquer Vaciller
51%
Une cramique Une brioche aux raisins secs
49%
Astruquer Avaler de travers
40%
Une dringuelle Un pourboire
38%
Une tamponne Une cuite
36%
Aucun quiz correspondant
Distribution des résultats
% des personnes avec chaque résultat
Percentile par nombre de réponses
Votre historique - résultats
Vous n’avez pas pris ce quiz